|
|
|
|
| LEADER |
01077cam a2200265 a 4500 |
| 001 |
41396 |
| 003 |
BD-DhAAL |
| 005 |
20230716160803.0 |
| 008 |
230716t1990 maua b 001 0 eng |
| 010 |
|
|
|a 89033792
|
| 020 |
|
|
|a 0674312252 (alk. paper)
|
| 040 |
|
|
|a DLC
|c DLC
|d DLC
|d BD-DhAAL
|
| 050 |
0 |
0 |
|a HM24
|b .C63 1990
|
| 082 |
0 |
0 |
|a 301.01
|2 20
|
| 100 |
1 |
|
|a Coleman, James S.,
|d 1926-1995.
|9 55104
|
| 245 |
1 |
0 |
|a Foundations of social theory /
|c James S. Coleman.
|
| 260 |
|
|
|a Cambridge, Mass. :
|b Belknap Press of Harvard University Press,
|c 1990.
|
| 300 |
|
|
|a xvi, 993 pages :
|b ill. ;
|c 25 cm.
|
| 504 |
|
|
|a Includes bibliographical references(p. 951-971)and index.
|
| 541 |
|
|
|a Donated by Akbar Ali Khan
|e 41396
|
| 650 |
|
0 |
|a Sociology
|x Methodology.
|
| 852 |
|
|
|a Ayesha Abed Library
|c Akbar Ali Khan Collection
|
| 942 |
|
|
|2 ddc
|c BK
|
| 999 |
|
|
|c 45991
|d 45991
|
| 952 |
|
|
|0 0
|1 0
|2 ddc
|4 0
|6 301_010000000000000_COL
|7 1
|9 73969
|a BRACUL
|b BRACUL
|c AAKC
|d 2023-07-16
|g 2926.08
|l 0
|o 301.01 COL
|p 3010041396
|r 2023-07-16
|t 1
|w 2023-07-16
|y BK
|x price are not available in book (collected from amazon.com )
|